Essentials of educational technology (Record no. 10029)

MARC details
000 -LEADER
fixed length control field 00600cam a2200217ua 4500
008 - FIXED-LENGTH DATA ELEMENTS--GENERAL INFORMATION
fixed length control field 190902n ii |||gr||||Z||||||eng
020 ## - INTERNATIONAL STANDARD BOOK NUMBER
International Standard Book Number 9788120337237
040 ## - CATALOGING SOURCE
Transcribing agency MAIN
041 ## - LANGUAGE CODE
-- eng
082 ## - DEWEY DECIMAL CLASSIFICATION NUMBER
Classification number 371.33
100 ## - MAIN ENTRY--PERSONAL NAME
Personal name S K Mangal,
Relator term
245 ## - TITLE STATEMENT
Title Essentials of educational technology
Statement of responsibility, etc. By S K Mangal and Uma Mangal
250 ## - EDITION STATEMENT
Edition statement 9th rep.
260 ## - PUBLICATION, DISTRIBUTION, ETC.
Place of publication, distribution, etc. Delhi:
Name of publisher, distributor, etc. Phi learning private limited,
Date of publication, distribution, etc. 2018.
300 ## - PHYSICAL DESCRIPTION
Extent 812p.
700 ## - ADDED ENTRY--PERSONAL NAME
Personal name S K Mangal,
Relator term
700 ## - ADDED ENTRY--PERSONAL NAME
Personal name Uma Mangal,
Relator term
942 ## - ADDED ENTRY ELEMENTS (KOHA)
Koha item type Books
653 ## - INDEX TERM--UNCONTROLLED
Uncontrolled term Schools & their activities special education
Holdings
Withdrawn status Lost status Damaged status Not for loan Home library Current library Shelving location Date acquired Total Checkouts Full call number Barcode Date last seen Date last checked out Copy number Price effective from Koha item type
        Central Library, Naharkatiya College Central Library, Naharkatiya College General Stacks 19/09/2020 3 371.33Educational technology | MAN 27488 31/07/2021 01/04/2021 1 19/09/2020 Books

Naharkatiya College © 2020. All rights reserved.

Powered By